Đình Miếu và lễ hội dân gian miền Nam ( biên khảo ): Lăng ông bà Chiểu và Lễ hội Văn hóa dân gian. Nghi thức và Lễ bái của người Việt Nam. Đình miếu và Lễ hội dân gian. Người Việt Nam có dân tộc tính không?

Nỗi nhớ cho người dân Nam Bộ tiến vào công cuộc khai hoang . Khi đời sống vật chất không còn là nỗi ưu tư triền miên , người Nam Bộ lại quan tâm nhiều đến những hoạt động tinh thần , tâm linh . Lễ hội mang màu sắc địa phương....

Cur síos iomlán

Đã lưu trong:
Sonraí Bibleagrafaíochta
Príomhúdar: Sơn Nam
Formáid: Leabhar
Teanga:Undetermined
Foilsithe: Thành phố Hồ Chí Minh Trẻ 2014
Ábhair:
Clibeanna: Cuir Clib Leis
Gan Chlibeanna, Bí ar an gcéad duine leis an taifead seo a chlibeáil!
Thư viện lưu trữ: Trung tâm Học liệu Trường Đại học Cần Thơ
LEADER 01324nam a2200241Ia 4500
001 CTU_196647
008 210402s9999 xx 000 0 und d
020 |c 95000 
082 |a 394.269597 
082 |b S464 
100 |a Sơn Nam 
245 0 |a Đình Miếu và lễ hội dân gian miền Nam ( biên khảo ): 
245 0 |b Lăng ông bà Chiểu và Lễ hội Văn hóa dân gian. Nghi thức và Lễ bái của người Việt Nam. Đình miếu và Lễ hội dân gian. Người Việt Nam có dân tộc tính không? 
245 0 |c Sơn Nam 
260 |a Thành phố Hồ Chí Minh 
260 |b Trẻ 
260 |c 2014 
520 |a Nỗi nhớ cho người dân Nam Bộ tiến vào công cuộc khai hoang . Khi đời sống vật chất không còn là nỗi ưu tư triền miên , người Nam Bộ lại quan tâm nhiều đến những hoạt động tinh thần , tâm linh . Lễ hội mang màu sắc địa phương. 
650 |a Culture, Vietnamese,Lễ hội, Việt Nam 
650 |x Festival, Vietnamese 
650 |y Văn hóa, Việt Nam 
904 |i QHieu (Tuyến sửa biểu) 
980 |a Trung tâm Học liệu Trường Đại học Cần Thơ